000 00718nas a2200229 4500
001 BR9209492
003 BR-BrBNA
005 20231205093301.0
007 ta
008 230509b bl.|||p| |||| 00| 00por d
040 _aBR-BrBNA
_bpor
_cBiblioteca Nacional de Agricultura
041 _a(Pt)
072 _aM12
100 1 _aAbsalao, R.S.
245 1 _aAssociacao de moluscos de um costao rochoso intertidal em ponta de Itaipu, Rio de Janeiro, Brasil
650 _aMOLUSCO
650 _aMALACOLOGIA
650 _aRIO DE JANEIRO
773 0 _tRevista Brasileira de Biologia (Brazil)
_xISSN 0034-7108
_g(Feb 1988), v. 48(1) p. 51-58
_wBR9209492
909 _a202311
_bLúcia
_c55
_dLúcia Elande
942 _2AGRIS
_n0
_cANA
999 _c137284
_d137284